Sonar Course Notes (Record no. 69060)

000 -LEADER
fixed length control field 00356nam a22001337a 4500
003 - CONTROL NUMBER IDENTIFIER
control field NUST - PNEC
005 - DATE AND TIME OF LATEST TRANSACTION
control field 20170116181109.0
008 - FIXED-LENGTH DATA ELEMENTS--GENERAL INFORMATION
fixed length control field 151003b xxu||||| |||| 00| 0 eng d
040 ## - CATALOGING SOURCE
Transcribing agency LIBRARY
082 ## - DEWEY DECIMAL CLASSIFICATION NUMBER
Classification number 621.3895 PNEC
100 ## - MAIN ENTRY--PERSONAL NAME
9 (RLIN) 12831
Personal name Weapon Engineering Department
245 ## - TITLE STATEMENT
Title Sonar Course Notes
Statement of responsibility, etc. Weapon Engineering Department
942 ## - ADDED ENTRY ELEMENTS (KOHA)
Source of classification or shelving scheme
Koha item type Book
Holdings
Withdrawn status Lost status Source of classification or shelving scheme Damaged status Not for loan Permanent Location Current Location Shelving location Date acquired Total Checkouts Full call number Barcode Date last seen Price effective from Koha item type
          Pakistan Navy Engineering College (PNEC) Pakistan Navy Engineering College (PNEC)       621.3895 PNEC PNECLIB-025031 10/03/2015   Book
          Pakistan Navy Engineering College (PNEC) Pakistan Navy Engineering College (PNEC)   01/05/2016   621.3895 PNEC PNECLIB-025013 01/05/2016   Book
© 2023 Central Library, National University of Sciences and Technology. All Rights Reserved.